Minecraft Spawn Eggs by Picture (pre 1.21.5) - Statistics

General Stats
  • This quiz has been taken 363 times
  • The average score is 26 of 81
Answer Stats
Picture Answer % Correct
Allay
77%
Mooshroom
72%
Spider
70%
Creeper
68%
Chicken
67%
Magma Cube
66%
Zombie
64%
Slime
59%
Parrot
57%
Phantom
57%
Sheep
57%
Zombified Piglin
55%
Ocelot
54%
Pig
54%
Enderman
53%
Cow
52%
Bat
50%
Cave Spider
50%
Guardian
50%
Shulker
49%
Villager
48%
Blaze
44%
Pufferfish
41%
Ender Dragon
39%
Sniffer
38%
Bee
37%
Stray
37%
Witch
36%
Ghast
34%
Glow Squid
34%
Tropical Fish
34%
Panda
33%
Axolotl
32%
Strider
32%
Wolf
32%
Drowned
30%
Cat
29%
Warden
29%
Horse
28%
Mule
28%
Polar Bear
28%
Salmon
28%
Squid
28%
Wandering Trader
28%
Zombie Horse
28%
Turtle
27%
Vex
27%
Wither Skeleton
27%
Skeleton
25%
Husk
24%
Zombie Villager
24%
Camel
22%
Evoker
22%
Iron Golem
20%
Donkey
19%
Breeze
18%
Elder Guardian
18%
Llama
18%
Armadillo
17%
Endermite
17%
Dolphin
15%
Bogged
14%
Creaking
14%
Piglin
14%
Pillager
14%
Rabbit
14%
Cod
13%
Fox
13%
Hoglin
13%
Skeleton Horse
13%
Frog
12%
Piglin Brute
12%
Silverfish
11%
Vindicator
11%
Snow Golem
10%
Trader Llama
10%
Ravager
9%
Tadpole
7%
Wither
7%
Zoglin
7%
Goat
5%
No matching quizzes found
Score Distribution
Percent of People with Each Score
Percentile by Number Answered
Your Score History
You have not taken this quiz